[Event "17th Dubai Chess Open"]
[Site "Dubai UAE"]
[Date "2015.04.09"]
[Round "4.23"]
[White "Karthikeyan, Murali"]
[Black "Kulkarni, Rakesh"]
[Result "1/2-1/2"]
[WhiteTitle "IM"]
[WhiteElo "2504"]
[BlackElo "2282"]
[WhiteFideId "5074452"]
[BlackFideId "5037077"]
[EventDate "2015.04.06"]

1. e4 d5 2. exd5 Qxd5 3. Nc3 Qd6 4. d4 Nf6 5. Nf3 c6 6. Ne5 Nbd7 7. Nc4 Qc7 8.
Qf3 Nb6 9. Bf4 Qd7 10. O-O-O Qg4 11. Qxg4 Bxg4 12. f3 Be6 13. Nxb6 axb6 14. a4
O-O-O 15. Ne4 h6 16. Be3 Nxe4 17. fxe4 Bg4 18. Rd3 e6 19. h3 Bh5 20. d5 Kc7 21.
Bf4+ Bd6 22. e5 Bc5 23. d6+ Kd7 24. Rg3 Ra8 25. b3 b5 26. axb5 Ra1+ 27. Kb2 Rha8
28. Kc3 R8a2 29. Rxg7 Bf2 30. g4 Be1+ 31. Bd2 Bg3 32. Kd4 c5+ 33. Ke4 Bg6+ 34.
Rxg6 fxg6 35. b6 Kc8 36. h4 Rxc2 37. Bxh6 Re1+ 38. Kf3 Rc3+ 39. Kg2 Rxe5 40. Bg7
Rxb3 41. Rh3 Ree3 42. Bc4 Rb4 43. Rxg3 Rxg3+ 44. Kxg3 Rxc4 45. h5 gxh5 46. gxh5
Rc1 47. Kg2 Rc2+ 48. Kg3 Rc1 49. Kg2 Rc2+ 50. Kg3 Rc1 1/2-1/2

[Event "17th Dubai Chess Open"]
[Site "Dubai UAE"]
[Date "2015.04.09"]
[Round "4.24"]
[White "Maisuradze, Nino"]
[Black "Mammadov, Zaur"]
[Result "1/2-1/2"]
[WhiteTitle "WGM"]
[BlackTitle "IM"]
[WhiteElo "2302"]
[BlackElo "2470"]
[WhiteFideId "13601717"]
[BlackFideId "13401033"]
[EventDate "2015.04.06"]

1. d4 d5 2. c4 c6 3. Nf3 Nf6 4. cxd5 cxd5 5. Nc3 Nc6 6. e3 a6 7. Ne5 g6 8. Be2
Bg7 9. O-O O-O 10. f4 Ne8 11. Bf3 e6 12. Nxc6 bxc6 13. Na4 f6 14. b3 e5 15. Ba3
Rf7 16. Rc1 exf4 17. exf4 Bd7 18. f5 Bxf5 19. Rxc6 Be4 20. Nc5 Qa5 21. Qc1 Bxf3
22. Rxf3 Bf8 23. Bb2 Nd6 24. a4 f5 25. Bc3 Qd8 26. Nxa6 Ne4 27. b4 Bd6 28. b5
Qh4 29. h3 Re7 30. Be1 Bg3 31. Rf1 Ng5 32. Bxg3 Qxg3 33. Rc3 Nxh3+ 34. Kh1 Nf2+
35. Kg1 Nh3+ 36. Kh1 Nf2+ 37. Kg1 Nh3+ 38. Kh1 Nf2+ 1/2-1/2

[Event "17th Dubai Chess Open"]
[Site "Dubai UAE"]
[Date "2015.04.09"]
[Round "4.25"]
[White "Hayrapetyan, Hovik"]
[Black "Isaev, Jamshed"]
[Result "1-0"]
[WhiteTitle "GM"]
[BlackTitle "IM"]
[WhiteElo "2465"]
[BlackElo "2310"]
[WhiteFideId "13302639"]
[BlackFideId "14700050"]
[EventDate "2015.04.06"]

1. Nf3 Nf6 2. c4 g6 3. b3 Bg7 4. Bb2 O-O 5. g3 b6 6. Bg2 Bb7 7. O-O c5 8. e3 Nc6
9. Qe2 d5 10. d3 e6 11. Nc3 Qe7 12. Rfd1 Rad8 13. Rac1 Rd7 14. a3 Rfd8 15. cxd5
exd5 16. Nb1 d4 17. e4 Na5 18. Qc2 Nxe4 19. Re1 Qd6 20. b4 cxb4 21. axb4 Qxb4
22. Ba3 Qb5 23. dxe4 d3 24. Qa2 Nb3 25. Rcd1 Rc8 26. Bh3 Rdc7 27. Bxc8 Bxc8 28.
Bd6 Rc6 29. Na3 Qh5 30. Qxb3 Qxf3 31. Rxd3 Qh5 32. Be7 h6 33. Rd8+ Kh7 34. Qxf7
Be6 35. Rh8+ Kxh8 36. Qe8+ Kh7 37. Qxc6 Bh3 38. e5 Bg4 39. Bf6 1-0

[Event "17th Dubai Chess Open"]
[Site "Dubai UAE"]
[Date "2015.04.09"]
[Round "4.26"]
[White "Kuznetsov, Mikhail V."]
[Black "Sagar, Shah"]
[Result "1/2-1/2"]
[BlackTitle "IM"]
[WhiteElo "2260"]
[BlackElo "2458"]
[WhiteFideId "4194900"]
[BlackFideId "5022509"]
[EventDate "2015.04.06"]

1. d4 Nf6 2. Nf3 e6 3. Bf4 c5 4. c3 b6 5. e3 Bb7 6. Be2 Be7 7. h3 O-O 8. O-O d6
9. a4 a6 10. Na3 d5 11. Ne5 Nc6 12. Bf3 Rc8 13. Qe2 c4 14. Nb1 Nxe5 15. Bxe5 Nd7
16. Bh2 f5 17. g4 Nb8 18. Bg2 Nc6 19. Nd2 Bd6 20. Bxd6 Qxd6 21. f4 b5 22. axb5
axb5 23. gxf5 exf5 24. Nf3 b4 25. Ne5 Ra8 26. Bf3 b3 27. Kh2 Rxa1 28. Rxa1 Ra8
29. Rg1 Nxe5 30. dxe5 Qe7 31. Qg2 Ra5 32. Rd1 Qd7 33. h4 Kh8 34. Kh3 h6 35. Rd4
Qf7 36. Rd1 Qd7 37. Rg1 Ra6 38. Qd2 Ba8 39. Qd4 Qa7 40. Qd2 Qf7 41. Qd1 Ra2 42.
Rg2 Bc6 43. Bh5 Qa7 44. Qd4 Qxd4 45. exd4 Kg8 46. e6 Kf8 47. Bg6 Ke7 48. Bxf5
Kf6 49. Bb1 Kxe6 50. Rg6+ Kf7 51. Rxc6 Rxb2 52. Bg6+ Ke7 53. Rc7+ Ke6 54. Rxg7
Kf6 55. Rg8 Rf2 56. Kg4 Rc2 57. Kh5 Rxc3 58. Rf8+ Ke7 59. Rf7+ Kd6 60. Rb7 Rf3
61. f5 c3 62. Rxb3 c2 63. Rxf3 c1=Q 64. Kg4 Qd1 65. f6 Qg1+ 66. Kh3 Qh1+ 67. Kg3
Qg1+ 68. Kh3 Qh1+ 69. Kg3 Qg1+ 70. Kh3 Qh1+ 1/2-1/2

[Event "17th Dubai Chess Open"]
[Site "Dubai UAE"]
[Date "2015.04.09"]
[Round "4.27"]
[White "Pascua, Haridas"]
[Black "Abdulla, Khayala"]
[Result "1/2-1/2"]
[WhiteTitle "IM"]
[BlackTitle "WIM"]
[WhiteElo "2423"]
[BlackElo "2255"]
[WhiteFideId "5203953"]
[BlackFideId "13401807"]
[EventDate "2015.04.06"]

1. d4 Nf6 2. c4 e6 3. Nc3 Bb4 4. f3 d5 5. a3 Bxc3+ 6. bxc3 c5 7. cxd5 Nxd5 8.
dxc5 Qa5 9. e4 Ne7 10. Be3 O-O 11. Qb3 Qc7 12. a4 Nec6 13. f4 Nd7 14. Nh3 Na5
15. Qb4 Nc6 16. Qb3 Na5 17. Qb4 Nc6 18. Qa3 Nf6 19. Nf2 b6 20. Bb5 Na5 21. O-O
Bb7 22. cxb6 axb6 23. Qb4 Rac8 24. Rac1 Nc4 25. Bxc4 Qxc4 26. Bxb6 Nxe4 27. Nxe4
Bxe4 28. Qxc4 Rxc4 29. a5 Ra8 30. Kf2 Bd5 31. g3 h6 32. Ke3 g5 33. Kd3 Rac8 34.
Kd2 Bb7 35. Bd4 Ba6 36. Rfe1 Rb8 37. fxg5 hxg5 38. Re5 Rb5 39. Rxb5 Bxb5 40. Re1
Bd7 41. h4 Ra4 42. h5 Rxa5 43. Rb1 e5 44. Rb8+ Kg7 45. Be3 Ra2+ 46. Ke1 Rh2 47.
Rb7 Bg4 48. Bxg5 Bxh5 49. Rb6 Rg2 50. Kf1 Rxg3 51. Bf6+ Kh7 52. Bxe5 Rd3 1/2-1/2

[Event "17th Dubai Chess Open"]
[Site "Dubai UAE"]
[Date "2015.04.09"]
[Round "4.28"]
[White "Fawzy, Adham"]
[Black "Harutyunian, Tigran K."]
[Result "0-1"]
[WhiteTitle "FM"]
[BlackTitle "IM"]
[WhiteElo "2296"]
[BlackElo "2445"]
[WhiteFideId "10613129"]
[BlackFideId "13303635"]
[EventDate "2015.04.06"]

1. e4 c5 2. Nf3 e6 3. c4 Nc6 4. Nc3 Nd4 5. d3 Ne7 6. Nxd4 cxd4 7. Nb5 Nc6 8. Bd2
a6 9. Na3 d5 10. f4 dxe4 11. dxe4 e5 12. Bd3 exf4 13. Bxf4 Bb4+ 14. Kf2 Qf6 15.
Qf3 Bg4 16. Qxg4 Ne5 17. Qf5 Nxd3+ 18. Kf3 Qe7 19. Nc2 Nxf4 20. Qxf4 Bd6 21. Qg4
h5 22. Qh3 g5 23. Kf2 d3 24. Qxd3 O-O-O 25. Qf3 Rh6 26. Ne3 Bc5 27. Ke2 Bxe3 28.
Qf5+ Kb8 29. Kxe3 Rhd6 30. Rhe1 Rf6 31. Qa5 Qd6 0-1

[Event "17th Dubai Chess Open"]
[Site "Dubai UAE"]
[Date "2015.04.09"]
[Round "4.29"]
[White "Mohannad, Farhan"]
[Black "Das, Sayantan"]
[Result "0-1"]
[WhiteTitle "FM"]
[BlackTitle "IM"]
[WhiteElo "2221"]
[BlackElo "2434"]
[WhiteFideId "8100918"]
[BlackFideId "5034426"]
[EventDate "2015.04.06"]

1. d4 d5 2. Nf3 Nf6 3. c4 e6 4. Nc3 Bb4 5. Bg5 h6 6. Bxf6 Qxf6 7. e3 O-O 8. Rc1
c6 9. Bd3 Nd7 10. O-O Qe7 11. a3 Bd6 12. e4 dxc4 13. Bxc4 e5 14. d5 Nb6 15. Ba2
Bg4 16. h3 Bh5 17. Qd3 Rfd8 18. Nd2 Rac8 19. Rfe1 Qg5 20. Rc2 Bf8 21. Rec1 Bg6
22. Nf3 Qf4 23. g3 Qf6 24. Nh4 Bh7 25. Ng2 Qg6 26. Ne3 Qh5 27. Kg2 Qg6 28. f3 h5
29. h4 Qf6 30. Qe2 Bc5 31. dxc6 bxc6 32. Ncd1 Bd4 33. b4 Rd6 34. a4 Nxa4 35. Nd5
Qd8 36. b5 Nc5 37. bxc6 Rdxc6 38. Nb4 Rg6 39. Ne3 Rb8 40. Nbd5 Rc6 41. Nf5 Bxf5
42. exf5 Rbc8 43. f6 gxf6 44. Nb4 Rd6 45. Qc4 Qd7 46. Nd5 Kg7 47. Nb4 a5 48. Nd5
Rd8 49. Qxd4 exd4 50. Rxc5 Qa4 51. Bc4 Qa3 0-1

[Event "17th Dubai Chess Open"]
[Site "Dubai UAE"]
[Date "2015.04.09"]
[Round "4.30"]
[White "Abdelnabbi, Imed"]
[Black "Deshpande, Aniruddha"]
[Result "0-1"]
[WhiteTitle "IM"]
[WhiteElo "2433"]
[BlackElo "2232"]
[WhiteFideId "10600035"]
[BlackFideId "5021774"]
[EventDate "2015.04.06"]

1. e4 c5 2. Nf3 Nc6 3. d4 cxd4 4. Nxd4 g6 5. c4 Nf6 6. Nc3 d6 7. Be2 Nxd4 8.
Qxd4 Bg7 9. Be3 O-O 10. Qd2 Be6 11. Rc1 a5 12. f3 a4 13. Nd5 Bxd5 14. cxd5 Nd7
15. O-O Nc5 16. Rc4 Qa5 17. Qxa5 Rxa5 18. Rb4 Rc8 19. Rb6 Raa8 20. Rc1 Rc7 21.
Kf1 Rac8 22. Rb4 h5 23. Rb1 Kh7 24. g3 Bf6 25. f4 Kg7 26. Kf2 Ra8 27. Kf3 a3 28.
b3 Na6 29. Ra4 Bb2 30. Bc4 Rcc8 31. Rd1 Nc7 32. Rb4 b5 33. Be2 Rab8 34. Bd4+
Bxd4 35. Rdxd4 Rb6 36. Rd2 Na6 37. Rxb5 Rc3+ 38. Kf2 Rxb5 39. Bxb5 Nb4 40. Ke2
h4 41. Bd3 hxg3 42. hxg3 Rc1 43. Ke3 Ra1 44. Kd4 Rxa2 45. Rd1 Rg2 46. Kc4 Nxd3
47. Kxd3 Rxg3+ 48. Kc4 Re3 49. b4 Rxe4+ 50. Kb3 Rxf4 51. b5 Rh4 52. b6 f5 53.
Rc1 Rh8 54. Kb4 g5 55. Kb5 g4 56. b7 Rb8 57. Kc6 g3 58. Re1 Kf6 59. Re6+ Kg5 60.
Rxe7 a2 61. Re1 f4 62. Kc7 Rxb7+ 63. Kxb7 f3 64. Kc6 f2 65. Rf1 a1=Q 66. Rxa1 g2 0-1

[Event "17th Dubai Chess Open"]
[Site "Dubai UAE"]
[Date "2015.04.09"]
[Round "4.31"]
[White "Rowe, Duane"]
[Black "Pourramezanali, Amirreza"]
[Result "1-0"]
[WhiteTitle "CM"]
[BlackTitle "IM"]
[WhiteElo "2214"]
[BlackElo "2432"]
[WhiteFideId "7400268"]
[BlackFideId "12511412"]
[EventDate "2015.04.06"]

1. e4 e6 2. d4 d5 3. Nc3 Bb4 4. e5 Ne7 5. a3 Bxc3+ 6. bxc3 c5 7. Qg4 O-O 8. Bd3
f5 9. exf6 Rxf6 10. Bg5 Rf7 11. Qh5 g6 12. Qd1 Nbc6 13. Nf3 c4 14. Be2 Qf8 15.
O-O h6 16. Bc1 Bd7 17. a4 Qg7 18. Rb1 b6 19. a5 Nc8 20. Qd2 bxa5 21. Ba3 Kh7 22.
Rfe1 Qf6 23. Bd1 Qf4 24. Qxf4 Rxf4 25. Rb7 Rf7 26. h4 a6 27. h5 g5 28. Nh2 Nd8
29. Rb2 Na7 30. Bd6 Nb5 31. Be5 Nc6 32. Ng4 Raf8 33. Re3 Bc8 34. Bf3 a4 35. Ra2
a3 36. Bg3 Rf5 37. Kh2 Kg7 38. Ra1 R5f7 39. Ra2 Re7 40. Ra1 Bd7 41. Ra2 Be8 42.
Ne5 Nxe5 43. Bxe5+ Kg8 44. Bg3 Bc6 45. Kg1 Kf7 46. Ra1 Ke8 47. Bg4 Bd7 48. Rae1
Kd8 49. Be5 Kc8 50. Bg3 Kb7 51. Bf3 Ree8 52. Bg4 Kb6 53. f3 Ka5 54. Ra1 Ka4 55.
Ree1 Rf7 56. Kh2 Bc8 57. Re3 Rd8 58. Be5 Nd6 59. Ree1 Rb7 60. f4 Nf7 61. Bf6 Re8
62. f5 Nd6 63. fxe6 Ne4 64. Be5 Bxe6 65. Bf3 Rb2 66. Bxe4 dxe4 67. Bd6 a2 68.
Rxe4 Bd7 1-0

[Event "17th Dubai Chess Open"]
[Site "Dubai UAE"]
[Date "2015.04.09"]
[Round "4.32"]
[White "Ram, Aravind L N"]
[Black "Rathnakaran, K."]
[Result "1/2-1/2"]
[WhiteTitle "FM"]
[BlackTitle "IM"]
[WhiteElo "2135"]
[BlackElo "2411"]
[WhiteFideId "25033760"]
[BlackFideId "5005507"]
[EventDate "2015.04.06"]

1. c4 Nf6 2. Nc3 c5 3. Nf3 g6 4. g3 Bg7 5. Bg2 O-O 6. O-O Nc6 7. d4 cxd4 8. Nxd4
Ng4 9. e3 d6 10. h3 Nxd4 11. exd4 Nh6 12. g4 f5 13. g5 Nf7 14. f4 e6 15. Be3 Bd7
16. Qe2 Qc7 17. Rac1 Rae8 18. h4 Nd8 19. b3 a6 20. Qf2 Qb8 21. Rfd1 Rf7 22. Rd2
Rfe7 23. Bh1 Rf8 24. Bg2 Be8 25. Bh1 Bf7 26. Bg2 Rfe8 27. Bh1 Kh8 28. Bg2 Nc6
29. Bh1 Qd8 30. Bg2 Nb8 31. Rcd1 Qa5 32. Rc2 b5 33. d5 bxc4 34. bxc4 Nd7 35.
dxe6 Bxe6 36. Rxd6 Bxc4 37. Nd5 Bxd5 38. Rxd5 Qa4 39. Bd4 Nf8 40. Bxg7+ Rxg7 41.
Rcd2 Ne6 42. Re5 Rge7 43. Rde2 Qxf4 44. Qe1 Rc7 45. Rxe6 Rxe6 46. Rxe6 Rc1 47.
Re8+ Kg7 48. Re7+ Kf8 49. Re8+ Kg7 1/2-1/2

[Event "17th Dubai Chess Open"]
[Site "Dubai UAE"]
[Date "2015.04.09"]
[Round "4.33"]
[White "Laxman, R.R."]
[Black "Saeed, Ishaq"]
[Result "1-0"]
[WhiteTitle "GM"]
[BlackTitle "FM"]
[WhiteElo "2375"]
[BlackElo "2200"]
[WhiteFideId "5005361"]
[BlackFideId "9301453"]
[EventDate "2015.04.06"]

1. d4 Nf6 2. Nf3 c5 3. d5 d6 4. Nc3 g6 5. e4 Bg7 6. Bb5+ Nbd7 7. a4 O-O 8. O-O
h6 9. h3 a6 10. Be2 Qc7 11. Be3 Re8 12. Nd2 Nf8 13. a5 g5 14. Nc4 Ng6 15. Nb6
Rb8 16. Qd2 e5 17. dxe6 Bxe6 18. Rad1 Rbd8 19. f4 gxf4 20. Bxf4 Nxf4 21. Qxf4 c4
22. Kh1 Qc5 23. Nbd5 Bxd5 24. Nxd5 Nxe4 25. Bh5 Re5 26. Bxf7+ Kh8 27. Rde1 Ng5
28. Ne7 Kh7 29. Bxc4 Rxe1 30. Rxe1 Kh8 31. h4 d5 32. Bxd5 Nh3 33. gxh3 Qxa5 34.
Qe4 Bf6 35. b4 Qb5 36. Qg6 Bg7 37. Rg1 Rg8 38. Bxg8 1-0

[Event "17th Dubai Chess Open"]
[Site "Dubai UAE"]
[Date "2015.04.09"]
[Round "4.34"]
[White "Wang, Shanshan"]
[Black "Kovchan, Alexander"]
[Result "0-1"]
[BlackTitle "GM"]
[WhiteElo "2028"]
[BlackElo "2576"]
[WhiteFideId "8605262"]
[BlackFideId "14103052"]
[EventDate "2015.04.06"]

1. e4 d5 2. exd5 Qxd5 3. Nc3 Qd6 4. d4 Nf6 5. Bb5+ c6 6. Bc4 Bg4 7. f3 Be6 8.
Bxe6 Qxe6+ 9. Nge2 g6 10. O-O Bg7 11. Nf4 Qd6 12. d5 O-O 13. Ne4 Nxe4 14. fxe4
Nd7 15. Rb1 Nc5 16. Qf3 e5 17. dxe6 Nxe6 18. Qd3 Bd4+ 19. Kh1 Nc5 20. Qf3 Rae8
21. Ne2 Bg7 22. Ng3 h5 23. Bf4 Qe7 24. b4 Ne6 25. Be3 h4 26. Ne2 Ng5 27. Qf4
Nxe4 28. Bxa7 f5 29. c3 Kh7 30. Qc1 Bh6 31. Nf4 Ra8 32. Qe3 Rfe8 33. Rbe1 Bxf4
34. Rxf4 Rxa7 35. Qxa7 Ng3+ 36. hxg3 Qxe1+ 37. Qg1 hxg3 38. Rf1 Qd2 0-1

[Event "17th Dubai Chess Open"]
[Site "Dubai UAE"]
[Date "2015.04.09"]
[Round "4.35"]
[White "Tleptsok, Ruslan"]
[Black "Georgiadis, Nico"]
[Result "0-1"]
[BlackTitle "IM"]
[WhiteElo "2204"]
[BlackElo "2468"]
[WhiteFideId "24104485"]
[BlackFideId "1300113"]
[EventDate "2015.04.06"]

1. e4 c5 2. Nf3 d6 3. c3 Nf6 4. Bc4 Nc6 5. d4 cxd4 6. cxd4 Nxe4 7. d5 Ne5 8.
Nxe5 dxe5 9. Qe2 Nd6 10. Bb3 f6 11. f4 e4 12. Nc3 f5 13. Be3 g6 14. Bd4 Rg8 15.
O-O-O Bg7 16. Be5 Bd7 17. g4 Qb6 18. h4 O-O-O 19. h5 g5 20. Kb1 Kb8 21. gxf5
Bxf5 22. Na4 Qa5 23. Rc1 gxf4 24. Bxf4 Rc8 25. Qh2 Ka8 26. Ka1 Rxc1+ 27. Rxc1
Rc8 28. Rxc8+ Bxc8 29. Bd2 Qb5 30. Qf4 Qd3 31. Nc3 Bd4 32. Nd1 e3 33. Bxe3 Bf5 0-1

[Event "17th Dubai Chess Open"]
[Site "Dubai UAE"]
[Date "2015.04.09"]
[Round "4.36"]
[White "Ahmad, Al Khatib"]
[Black "Petrosyan, Manuel"]
[Result "0-1"]
[BlackTitle "IM"]
[WhiteElo "2170"]
[BlackElo "2427"]
[WhiteFideId "8103178"]
[BlackFideId "13300857"]
[EventDate "2015.04.06"]

1. e4 c5 2. Nf3 e6 3. d3 Nc6 4. g3 d5 5. Nbd2 Bd6 6. Bg2 Nge7 7. O-O O-O 8. Nh4
Bc7 9. f4 f6 10. c3 b5 11. f5 Rb8 12. fxe6 Bxe6 13. exd5 Bxd5 14. Ne4 c4 15. d4
Kh8 16. Nc5 Bb6 17. Bf4 Ra8 18. Ne4 Ne5 19. Kh1 Nd3 20. Qh5 Nxf4 21. gxf4 Bf7
22. Qg4 Nd5 23. Rae1 g6 24. Qh3 Kg8 25. Qg3 Kh8 26. Qh3 Rg8 27. f5 g5 28. Ng6+
Kg7 29. Ng3 hxg6 30. fxg6 Rh8 31. Nh5+ Rxh5 32. Qxh5 Bxg6 33. Qf3 Bf7 34. Qf5
Qd6 35. Be4 Rh8 36. Rf2 Bc7 37. h3 Nf4 38. Re3 Be6 39. Qxb5 Nxh3 0-1

[Event "17th Dubai Chess Open"]
[Site "Dubai UAE"]
[Date "2015.04.09"]
[Round "4.37"]
[White "Sundararajan, Kidambi"]
[Black "Mamedjarova, Zeinab"]
[Result "1-0"]
[WhiteTitle "GM"]
[BlackTitle "WGM"]
[WhiteElo "2433"]
[BlackElo "2303"]
[WhiteFideId "5005370"]
[BlackFideId "13401521"]
[EventDate "2015.04.06"]

1. c4 e5 2. Nc3 d6 3. g3 g6 4. d4 Nd7 5. Nf3 Bg7 6. Bg2 Ne7 7. O-O O-O 8. e4
exd4 9. Nxd4 Nc6 10. Nde2 Nce5 11. b3 Nc5 12. Be3 b6 13. f4 Ng4 14. Bd4 Bb7 15.
Bxg7 Kxg7 16. b4 Nd7 17. h3 Nh6 18. g4 f6 19. Nd4 Re8 20. f5 Nf8 21. fxg6 hxg6
22. e5 dxe5 23. Bxb7 Rb8 24. Bc6 Qxd4+ 25. Qxd4 exd4 26. Bxe8 Rxe8 27. Nd5 Nd7
28. Nxc7 Rc8 29. Ne6+ Kf7 30. Nxd4 Rxc4 31. Rad1 Ne5 32. g5 Ng8 33. Nf3 Nxf3+
34. Rxf3 f5 35. Rd7+ Ke6 36. Rfd3 Ne7 37. Rxa7 Nd5 38. a3 Rc1+ 39. Kf2 f4 40.
Rg7 Ne3 41. Rxe3+ fxe3+ 42. Kxe3 Kf5 43. h4 Rc3+ 44. Kd4 Rxa3 45. Rf7+ Kg4 46.
Rf6 Kh5 47. Rxb6 Rh3 48. Re6 Rxh4+ 49. Re4 Rh1 50. Re5 Rd1+ 51. Kc5 Rc1+ 52. Kd6
Rc2 53. b5 Rc1 54. b6 Rb1 55. Kc6 Rc1+ 56. Rc5 1-0

[Event "17th Dubai Chess Open"]
[Site "Dubai UAE"]
[Date "2015.04.09"]
[Round "4.38"]
[White "Mokal, Amruta Sunil"]
[Black "Karavade, Eesha"]
[Result "0-1"]
[BlackTitle "IM"]
[WhiteElo "2075"]
[BlackElo "2405"]
[WhiteFideId "5016371"]
[BlackFideId "5012600"]
[EventDate "2015.04.06"]

1. e4 c5 2. Nf3 e6 3. d4 cxd4 4. Nxd4 a6 5. c4 Nf6 6. Nc3 Qc7 7. a3 b6 8. Be3
Bb7 9. f3 d6 10. Be2 Be7 11. Rc1 Nbd7 12. O-O Rc8 13. b4 O-O 14. Kh1 Qb8 15. Nb3
Bd8 16. Rc2 Bc7 17. Bg1 Kh8 18. Qd2 Rg8 19. Na4 g5 20. Qd4 Rg6 21. c5 dxc5 22.
bxc5 Be5 23. Qd3 Rh6 24. h3 b5 25. Nb6 Nxb6 26. cxb6 Rd8 27. Qe3 Bf4 28. Qc3 g4
29. fxg4 Be5 30. Qe3 Nxe4 31. Bf2 Bf4 32. Qxf4 Rxh3+ 33. Kg1 Qxf4 34. Bd4+ Rxd4
35. Rxf4 Rxb3 36. Rc7 Ng3 37. Rfxf7 Nxe2+ 38. Kh2 Rxg4 39. Rxh7+ Kg8 40. Rxb7
Rd3 41. Rbc7 Nf4 42. Rcd7 Rxg2+ 43. Kh1 Rf3 44. Rhg7+ Rxg7 45. Rxg7+ Kxg7 46. b7
Rh3+ 0-1

[Event "17th Dubai Chess Open"]
[Site "Dubai UAE"]
[Date "2015.04.09"]
[Round "4.39"]
[White "Mosadeghpour, Masoud"]
[Black "Bashirli, Nail"]
[Result "1-0"]
[BlackTitle "FM"]
[WhiteElo "2371"]
[BlackElo "2312"]
[WhiteFideId "12519278"]
[BlackFideId "13406809"]
[EventDate "2015.04.06"]

1. e4 c5 2. d4 cxd4 3. c3 dxc3 4. Nxc3 Nc6 5. Nf3 d6 6. Bc4 a6 7. O-O Nf6 8. Be3
e6 9. Qe2 b5 10. Bb3 Bb7 11. Rfd1 Qb8 12. a4 b4 13. Nd5 exd5 14. exd5 Ne5 15.
Nh4 Be7 16. Nf5 Qc8 17. Nxe7 Kxe7 18. Rac1 Qd7 19. f4 Qg4 20. Rc7+ Kf8 21. Qf1
Bxd5 22. Rxd5 Ned7 23. Rg5 Qh4 24. g3 Qh6 25. Qc4 d5 26. Qxb4+ Kg8 27. Qb7 Re8
28. Rxd7 Nxd7 29. Qxd7 Qe6 30. Qxe6 fxe6 31. Bd4 Re7 32. Re5 Kf7 33. f5 exf5 34.
Bxd5+ Ke8 35. Be6 Rc7 36. Bc5 h5 37. Bc4+ Kd7 38. Bxa6 Rd8 39. Rd5+ 1-0

[Event "17th Dubai Chess Open"]
[Site "Dubai UAE"]
[Date "2015.04.09"]
[Round "4.40"]
[White "Visakh, NR"]
[Black "Tabada, Jobannie C."]
[Result "1-0"]
[WhiteElo "2389"]
[BlackElo "2238"]
[WhiteFideId "25012223"]
[BlackFideId "5206073"]
[EventDate "2015.04.06"]

1. d4 Nf6 2. Nf3 g6 3. g3 Bg7 4. Bg2 O-O 5. O-O d6 6. c4 Nc6 7. Nc3 a6 8. Qd3 e5
9. dxe5 dxe5 10. Qxd8 Rxd8 11. Bg5 Re8 12. Nd2 h6 13. Bxf6 Bxf6 14. Nd5 Bd8 15.
Ne4 Kg7 16. e3 f5 17. Nec3 e4 18. g4 Ne5 19. gxf5 gxf5 20. b3 c6 21. Nf4 Bg5 22.
Nce2 b5 23. Rac1 Bd7 24. Bh3 bxc4 25. bxc4 Rab8 26. Rcd1 Kf7 27. Ng3 Bxf4 28.
exf4 Nf3+ 29. Kh1 Be6 30. Nxf5 Bxf5 31. Bxf5 Rb2 32. Bg4 Reb8 33. Kg2 Rxa2 34.
Rd7+ Ke8 35. Rfd1 Rab2 36. Rh7 R2b7 37. Rxh6 Rb1 38. Rh8+ Kf7 39. Rd7+ Kg6 40.
Bh5+ 1-0

[Event "17th Dubai Chess Open"]
[Site "Dubai UAE"]
[Date "2015.04.11"]
[Round "5.1"]
[White "Grandelius, Nils"]
[Black "Howell, David W L"]
[Result "1/2-1/2"]
[WhiteTitle "GM"]
[BlackTitle "GM"]
[WhiteElo "2603"]
[BlackElo "2686"]
[WhiteFideId "1710400"]
[BlackFideId "410608"]
[EventDate "2015.04.06"]

1. Nf3 d5 2. d4 Nf6 3. c4 dxc4 4. e3 c5 5. Bxc4 e6 6. O-O a6 7. Qe2 b5 8. Bd3
Bb7 9. dxc5 Nc6 10. a3 Bxc5 11. b4 Bb6 12. Bb2 O-O 13. Nbd2 Qe7 14. Rac1 Rac8
15. Rfd1 Rc7 16. Bb1 Rd8 17. Nb3 Rxd1+ 18. Qxd1 Nb8 19. Rxc7 Qxc7 20. Qc2 Qxc2
21. Bxc2 Nfd7 22. Ne5 f6 23. Nxd7 Nxd7 24. Bd4 Bc7 25. Nc5 Nxc5 26. Bxc5 Kf7 27.
Bd4 h5 28. h3 h4 29. Kf1 g5 30. f3 Bd5 1/2-1/2

[Event "17th Dubai Chess Open"]
[Site "Dubai UAE"]
[Date "2015.04.11"]
[Round "5.2"]
[White "Fedoseev, Vladimir3"]
[Black "Solodovnichenko, Yuri"]
[Result "1-0"]
[WhiteTitle "GM"]
[BlackTitle "GM"]
[WhiteElo "2674"]
[BlackElo "2584"]
[WhiteFideId "24130737"]
[BlackFideId "14104369"]
[EventDate "2015.04.06"]

1. Nf3 c5 2. e4 d6 3. d4 Nf6 4. Nc3 cxd4 5. Nxd4 a6 6. h3 e6 7. g4 Be7 8. Bg2
Nfd7 9. Be3 Ne5 10. Qe2 b5 11. b3 Nbc6 12. O-O Nxd4 13. Bxd4 g5 14. Qd2 Bb7 15.
Ne2 h5 16. f3 Rh7 17. c4 bxc4 18. bxc4 Nxc4 19. Qb4 Qc7 20. Rac1 d5 21. Qb1 Rh6
22. Nc3 Rd8 23. exd5 Nd2 24. Ne4 Nxb1 25. Rxc7 Bxd5 26. Be3 Bxe4 27. fxe4 Bd6
28. Rcxf7 hxg4 29. e5 1-0

[Event "17th Dubai Chess Open"]
[Site "Dubai UAE"]
[Date "2015.04.11"]
[Round "5.4"]
[White "Zhigalko, Sergei"]
[Black "Shabalov, Alexander"]
[Result "0-1"]
[WhiteTitle "GM"]
[BlackTitle "GM"]
[WhiteElo "2675"]
[BlackElo "2511"]
[WhiteFideId "13502956"]
[BlackFideId "2008572"]
[EventDate "2015.04.06"]

1. e4 c6 2. d4 d5 3. e5 Bf5 4. Nf3 e6 5. Be2 Ne7 6. O-O Nd7 7. Nbd2 h6 8. Nb3
Qc7 9. c3 O-O-O 10. a4 g5 11. a5 Kb8 12. a6 b6 13. Bd2 f6 14. exf6 Ng6 15. c4 g4
16. Ne1 dxc4 17. Bxc4 Bd6 18. Kh1 h5 19. Rc1 h4 20. Bd3 Bxh2 21. Bxf5 exf5 22.
Qc2 Nf4 23. Qxc6 Ne2 24. Rc2 Qxc6 25. Rxc6 Bc7 26. Nd3 f4 27. Rxc7 Kxc7 28. Nxf4
Nxf4 29. Rc1+ Kd6 30. Bxf4+ Kd5 31. Rc7 Nxf6 32. Rxa7 Ra8 33. Rf7 Ke6 34. Rb7
Rxa6 35. Nc1 Nd5 36. Be5 Ra1 37. Kh2 g3+ 38. fxg3 hxg3+ 39. Kxg3 Rg8+ 0-1

[Event "17th Dubai Chess Open"]
[Site "Dubai UAE"]
[Date "2015.04.11"]
[Round "5.5"]
[White "Papp, Gabor1"]
[Black "Istratescu, Andrei"]
[Result "0-1"]
[WhiteTitle "GM"]
[BlackTitle "GM"]
[WhiteElo "2575"]
[BlackElo "2630"]
[WhiteFideId "718602"]
[BlackFideId "1200372"]
[EventDate "2015.04.06"]

1. Nf3 c5 2. c4 Nc6 3. d4 cxd4 4. Nxd4 g6 5. e4 Nf6 6. Nc3 d6 7. Be2 Nxd4 8.
Qxd4 Bg7 9. Be3 O-O 10. Qd2 a5 11. O-O a4 12. f3 Qa5 13. Rac1 Be6 14. Nd5 Qxd2
15. Nxe7+ Kh8 16. Bxd2 Rfe8 17. Nd5 Nxd5 18. cxd5 Bxd5 19. Bb5 Re5 20. Bc3 Bxa2
21. Bxe5 Bxe5 22. Rc2 Bb3 23. Rd2 Ra5 24. f4 Rxb5 25. fxe5 dxe5 26. Rc1 Rb4 27.
Rc8+ Kg7 28. Re2 Bc4 29. Rd2 Ba6 30. Rd5 Rxb2 31. Ra5 Bb5 32. Rb8 Bc6 33. Rxe5
Kf6 34. Ra5 Re2 35. g4 h6 36. h3 Rxe4 37. Kf2 Rc4 38. Rd8 Rc2+ 39. Kg3 Rc3+ 40.
Kh2 Rc2+ 41. Kg3 Rg2+ 42. Kf4 g5+ 43. Ke3 Rg3+ 44. Kd4 Rxh3 45. Rf5+ Kg7 46. Rd6
Rg3 47. Rdf6 Rxg4+ 48. Ke5 Re4+ 49. Kd6 Be8 0-1